El idioma francés puesto al alcance de todos ó Método natural para aprender el francés de un modo fácil y agradable sin cansar la memoria / (Record no. 162124)

MARC details
000 -LEADER
campo de control de longitud fija 01070nam a22002055i 4500
001 - NÚMERO DE CONTROL
campo de control 162124
003 - IDENTIFICADOR DE NÚMERO DE CONTROL
campo de control ES-MaACL
005 - FECHA Y HORA DE LA ÚLTIMA TRANSACCIÓN
campo de control 20230906212431.0
008 - DATOS DE LONGITUD FIJA--INFORMACIÓN GENERAL
campo de control de longitud fija 041104s1856 sp |||| | spa d
040 ## - FUENTE DE CATALOGACIÓN
Centro catalogador/agencia de origen CAM
Lengua de catalogación spa
Centro/agencia transcriptor CAM
100 1# - ENTRADA PRINCIPAL--NOMBRE DE PERSONA
Nombre de persona Piferrer, Francisco.
9 (RLIN) 91985
245 13 - MENCIÓN DEL TÍTULO
Título El idioma francés puesto al alcance de todos ó Método natural para aprender el francés de un modo fácil y agradable sin cansar la memoria /
Mención de responsabilidad, etc. por Francisco Piferrer.
250 ## - MENCION DE EDICION
Mención de edición 4ª ed. corr. y aum. por el autor.
260 ## - PUBLICACIÓN, DISTRIBUCIÓN, ETC.
Lugar de publicación, distribución, etc. Madrid :
Nombre del editor, distribuidor, etc. en el despacho de libros, calle Hortaleza, núm. 10,
Fecha de publicación, distribución, etc. 1856 (
Fabricante Imp. de la Revista de legislación, á cargo de J. Morales)
300 ## - DESCRIPCIÓN FÍSICA
Extensión 51, 114, 63 p. ;
Dimensiones 23 cm.
505 8# - NOTA DE CONTENIDO CON FORMATO
Nota de contenido con formato La segunda secuencia de pag., con port. propia, corresponde a : Tratado de los verbos franceses para uso de los españoles
650 04 - PUNTO DE ACCESO ADICIONAL DE MATERIA--TÉRMINO DE MATERIA
Término de materia o nombre geográfico como elemento de entrada Lengua francesa-
Subdivisión de forma Métodos.
9 (RLIN) 14225
740 01 - ENTRADA AGREGADA--TÍTULO RELACIONADO/ANALÍTICO NO CONTROLADO
Título relacionado o analítico no controlado Método natural para aprender el francés de un modo fácil y agradable sin cansar la memoria.
852 ## - LOCALIZACIÓN
Ubicación ES-MaACL
Número de control de estantería G-5888
Nota libre -- Enc. hol.
-- -- Legado de Modesto de la Fuente
Holdings
Estatus retirado Estado de pérdida Estado de daño No para préstamo Colección Biblioteca de origen Biblioteca actual Ubicación en estantería Fecha de adquisición Fuente de adquisición Total de préstamos Signatura topográfica completa Código de barras Visto por última vez Precio de reemplazo Tipo de ítem Koha
        Libros del s. XIX Biblioteca del Ateneo de Madrid Biblioteca del Ateneo de Madrid Depósito 2 17/01/2008     G-5888 1169840 23/02/2023 23/02/2023 Libro impreso antiguo